000 00742nam a2200229Ia 4500
001 3153
003 GE_BSU
008 181216s||||||||xx |||||||||||||| ||und||
040 _cGE_BSU
080 _a665.63(075.8)+66(072)
100 _aСарданашвили,А.Г. Львова,А.И.
245 _aПримеры и задачи по технологии переработки нефти и газа.
245 _bУчебник.
245 _cРед. Г.И.Коледова.
260 _aМ.
260 _bХимия.
260 _c1973.
300 _a272 стр. 20 см.
541 _h7 л.
653 _aПримеры и задачи по технологии переработки нефти и газа.
942 _cBK
999 _c37197
_d37197